Отчет на Взаимно-спомагателните дружества в Русенско за 1903 година (Запис номер 159452)
[ съкратено ]
| 000 -Лидер | |
|---|---|
| Контролно поле с фиксирана дължина | 01591nam a2200421 c 4500 |
| 003 - Код на организацията, давaща контролен номер | |
| Контролно поле | BLK |
| 005 - Дата и час на последна редакция | |
| Контролно поле | 20250408141819.0 |
| 008 - Елементи от данни с фиксирана дължина | |
| fixed length control field | 180410b bul|||||r ||||||| ||bul|| |
| 010 ## - Наследен системен номер | |
| LC control number | KNG00166621000 |
| 040 ## - Източник на каталожния запис | |
| Идентификатор на билиотеката - собственик на записа | BLK |
| 041 ## - Код за език | |
| Код за езика на текст/звукозапис или на отделно заглавие | Български |
| Код за езика КДБФ | Български |
| 072 #7 - Код за тематичната категория | |
| Код организация | bullib |
| Код за тематична категория | К |
| Текст | Краезнание |
| 080 ## - УДК | |
| Текстов определител УДК | Селско стопанство. Горско стопанство. Лов. Рибно стопанство |
| УДК код - определител по УДК | 63 |
| УДК определител | :061.23(497.21-22) |
| УДК - код + определител | 63:061.23(497.21-22) |
| 139 ## - Редно поле | |
| Редна дума | Очет на Взаимно-спомагателните дружества в Русенско за 1903 година |
| Авторски знак | Оч - О 98 |
| 245 10 - Сведения за заглавието | |
| Заглавие | Отчет на Взаимно-спомагателните дружества в Русенско за 1903 година |
| 257 ## - Страна на издаване | |
| Страна на създаване/издаване | България |
| 260 ## - Област на издателските данни | |
| Година на издаване | 1904 |
| Печатница | Русе : Скоропеч. Ст. Ив. Роглев |
| 300 ## - Физическа характеристика | |
| Страници | 100 с. |
| Илюстрации и др. | с табл. |
| Размери/Мащаб | 24 см |
| 380 ## - Жанр | |
| Жанр | Селско стопанство |
| 650 #4 - Допълнително описание по предмет – тема | |
| Основно описание – тема или топоним | Дружества - България |
| 9 (RLIN) | 279807 |
| 650 #4 - Допълнително описание по предмет – тема | |
| Основно описание – тема или топоним | Отчетност |
| 9 (RLIN) | 165382 |
| 651 #4 - Допълнително описание по предмет - топоним | |
| Географско понятие | България |
| 9 (RLIN) | 241624 |
| 651 #4 - Допълнително описание по предмет - топоним | |
| Географско понятие | Русенско |
| 9 (RLIN) | 179464 |
| 653 ## - Ключова дума – ненормативна | |
| Ключова дума | селско стопанство |
| 653 ## - Ключова дума – ненормативна | |
| Ключова дума | дружества |
| 653 ## - Ключова дума – ненормативна | |
| Ключова дума | отчети |
| 653 ## - Ключова дума – ненормативна | |
| Ключова дума | Русенско |
| 659 ## - Тематичен бюлетин | |
| Тематичен бюлетин | К |
| 852 ## - Местоположение | |
| Форматна сигнатура | Цб 3.230.31288 |
| 852 ## - Местоположение | |
| Форматна сигнатура | К 63/О-98 |
| 856 4# - Електронен адрес и достъп | |
| Електронен формат | pdf - файл |
| 856 4# - Електронен адрес и достъп | |
| Електронен формат | pdf - файл |
| 942 ## - АРТИКУЛИ | |
| Вид на библиотечния материал | Книги |
| Скрит в OPAC | Не |
| Периодичен библиозапис | Да |
| 944 ## - СЪЗДАВАНЕ И РЕДАКЦИЯ на ЗАПИСА | |
| Създаване/Редакция | Създаване |
| Дата на регистрацията/редакция | 30.10.2014 |
| Статус, дата на статуса | Ренета Константинова |
| Служител, извършил регистрацията/редакцията | 30546 |
| 944 ## - СЪЗДАВАНЕ И РЕДАКЦИЯ на ЗАПИСА | |
| Създаване/Редакция | Редакция |
| Дата на регистрацията/редакция | 30.10.2014 |
| Статус, дата на статуса | 30.10.2014 - от С1,Р / 30.10.2014 |
| 999 ## - СИСТЕМНИ КОНТРОЛНИ НОМЕРА | |
| Koha biblionumber | 159452 |
| Koha biblioitemnumber | 159452 |
| 999 ## - СИСТЕМНИ КОНТРОЛНИ НОМЕРА | |
| Koha biblioitemnumber | 159452 |
| 999 ## - СИСТЕМНИ КОНТРОЛНИ НОМЕРА | |
| Koha biblioitemnumber | 159452 |
| Код за отписване | Код за изгубен артикул | Източник на класификационната схема | Код за повреда | Коз за рестрикции | Код за отдаване | Артикулен № | Име на библиотеката - собственик | Име на библиотеката, в която се намира в момента | Статус (Текущо местоположение) | Дата на вписване в системата | Местоположение - отдел | Цена в лева | Инвентарен номер | Систематично азбучна сигнатура | Баркод | Номер на екземпляра | Цена в евро | Служебна бележка | Служебен тип на артикула |
|---|---|---|---|---|---|---|---|---|---|---|---|---|---|---|---|---|---|---|---|
| Не е изгубен | Universal Decimal Classification | Не е повреден | само за читалня | ползва се в читалня | 266412 | Регионална библиотека "Любен Каравелов" Русе | Регионална библиотека "Любен Каравелов" Русе | Краезнание | 1904-01-01 | Краезнание | 0.08 | 31288 | К 63/О-98 | 900000096575 | 1 | 0.04 | N: Сф Дата: 01.01.1904 Дата инв: 10.11.2017 Бележки инв: К2017 | Книги |